[Event "Agai Sachdeva Memorial"]
[Site "Agra"]
[Date "2024.08.11"]
[Round "8"]
[White "Shivmohan, Dwivedi"]
[Black "Abhishek, Sonu"]
[Result "0-1"]
[WhiteElo "1725"]
[BlackElo "1692"]
[PlyCount "118"]
[EventDate "2024.08.09"]
[EventType "swiss"]
[EventRounds "9"]
[EventCountry "IND"]
[SourceTitle "EXT 2025"]
[Source "ChessBase"]
[SourceDate "2024.10.14"]
[SourceVersion "1"]
[SourceVersionDate "2024.10.14"]
[SourceQuality "1"]

1. e4 Nc6 2. Nf3 Nf6 3. Nc3 d5 4. exd5 Nxd5 5. Nxd5 Qxd5 6. c4 Qe4+ 7. Qe2 Bf5 8. Qxe4 Bxe4 9. Be2 Nb4 10. Bd1 Nd3+ 11. Ke2 Rd8 12. Rg1 e6 13. Ba4+ c6 14. Ne1 Bc5 15. Nxd3 Bxd3+ 16. Ke1 Bxc4 17. Bc2 Rd5 18. d3 Bxd3 19. Bxd3 Rxd3 20. Ke2 Rd5 21. a3 Re5+ 22. Be3 Ke7 23. b4 Bxe3 24. fxe3 Rd8 25. Ra2 Red5 26. Rb1 Rd3 27. b5 c5 28. b6 a6 29. Rc1 R3d5 30. Rac2 Rc8 31. Rc4 Rc6 32. Rb1 Rdd6 33. a4 Rxb6 34. Rxb6 Rxb6 35. Rxc5 Kd6 36. Rc8 Rb2+ 37. Kf3 Rb4 38. Rf8 Ke7 39. Rb8 a5 40. h3 Kf6 41. g3 Rxa4 42. Rxb7 Ra1 43. Ra7 a4 44. Ke4 a3 45. Ra5 a2 46. Ra4 Ke7 47. Ra6 Kd7 48. g4 f6 49. h4 h6 50. Ra7+ Kd6 51. Ra5 f5+ 52. gxf5 exf5+ 53. Rxf5 Rg1 54. h5 a1Q 55. Rd5+ Ke6 56. Rd4 Rg4+ 57. Kd3 Rxd4+ 58. exd4 Kd5 59. Ke3 Qxd4+ 0-1

[Event "Agai Sachdeva Memorial"]
[Site "Agra"]
[Date "2024.08.10"]
[Round "6"]
[White "Shibin, K Benny"]
[Black "Abhishek, Sonu"]
[Result "1-0"]
[WhiteElo "1749"]
[BlackElo "1692"]
[PlyCount "69"]
[EventDate "2024.08.09"]
[EventType "swiss"]
[EventRounds "9"]
[EventCountry "IND"]
[SourceTitle "EXT 2025"]
[Source "ChessBase"]
[SourceDate "2024.10.14"]
[SourceVersion "1"]
[SourceVersionDate "2024.10.14"]
[SourceQuality "1"]

1. e4 Nc6 2. d4 d5 3. exd5 Qxd5 4. Nf3 e5 5. c4 Qe4+ 6. Be3 exd4 7. Nxd4 Bg4 8. Qc2 Bb4+ 9. Nc3 Qxc2 10. Nxc2 Bxc3+ 11. bxc3 Be6 12. Nd4 Ne5 13. Nxe6 fxe6 14. Bd4 0-0-0 15. Bxe5 Nf6 16. Bxf6 gxf6 17. Rd1 Rxd1+ 18. Kxd1 Rd8+ 19. Kc2 c5 20. Bd3 h6 21. Rb1 Kc7 22. Be4 b6 23. Rd1 Rg8 24. Rd3 f5 25. Bf3 e5 26. Bd5 Rg5 27. Rg3 Kd6 28. Rxg5 hxg5 29. h3 e4 30. g3 Ke5 31. Kd2 b5 32. Bxe4 Kxe4 33. cxb5 Kd5 34. h4 gxh4 35. gxh4 1-0

[Event "IND-chT 35th"]
[Site "Goa"]
[Date "2015.02.23"]
[Round "6"]
[White "Abhishek, Sonu"]
[Black "Rajesh, VAV"]
[Result "0-1"]
[WhiteElo "1718"]
[BlackElo "2349"]
[PlyCount "88"]
[EventDate "2015.02.20"]
[EventType "team-swiss"]
[EventRounds "9"]
[EventCountry "IND"]
[SourceTitle "CBM 165 Extra"]
[Source "ChessBase"]
[SourceDate "2015.04.21"]
[SourceVersion "1"]
[SourceVersionDate "2015.04.21"]
[SourceQuality "1"]
[WhiteTeam "Bihar State"]
[BlackTeam "Airports Authority"]
[WhiteTeamCountry "IND"]
[BlackTeamCountry "IND"]

1. c4 Nf6 2. g3 c5 3. Bg2 Nc6 4. Nc3 e5 5. Nf3 d6 6. 0-0 Be7 7. e4 0-0 8. d3 h6 9. a3 a5 10. h3 Be6 11. Be3 Nd7 12. Nd2 f5 13. exf5 Bxf5 14. Nde4 Nf6 15. Kh2 Rb8 16. Nxf6+ Bxf6 17. Ne4 Be7 18. Nc3 Nd4 19. f4 exf4 20. Bxf4 Bg5 21. Bxg5 Qxg5 22. h4 Qe3 23. Nd5 Qe8 24. Re1 Qd8 25. Ne7+ Kh8 26. Re3 Bh7 27. Rc1 Rf2 28. Qh5 Qf8 29. Kh1 Re8 30. Kg1 Rxe7 31. Rxe7 Rxg2+ 32. Kxg2 Qxe7 33. Rd1 Qe3 34. Rf1 Bxd3 35. Rf8+ Kh7 36. Qe8 Qxe8 37. Rxe8 Bxc4 38. Rd8 d5 39. Rc8 b6 40. Rb8 b5 41. Kf2 Nb3 42. g4 d4 43. Rb6 d3 44. Ke1 d2+ 0-1